| 000 | 00601cam a22002171 4500 | ||
|---|---|---|---|
| 001 | af 48000311 | ||
| 003 | DLC | ||
| 005 | 20260227110842.0 | ||
| 008 | 920331s1944 gw a 000 0 ger c | ||
| 010 | _aaf 48000311 | ||
| 035 | _a(OCoLC)25567354 | ||
| 040 |
_aYale Univ. Library _cCU _dDLC |
||
| 042 | _apremarc | ||
| 050 | 0 | 0 |
_aNC1509 _b.M56 |
| 082 | _a741.5 | ||
| 100 | 1 |
_aMöllendorff, Horst von, _d1907- |
|
| 245 | 1 | 4 |
_aDas kleine Schmunzelbuch. _bFeldpost-Ausgabe. |
| 260 |
_aBerlin, _bL. Blanvalet _c[1944] |
||
| 300 |
_a[111] p. _billus. _c19 cm. |
||
| 650 | 0 | _aGerman wit and humor, Pictorial. | |
| 999 |
_c4008 _d4008 |
||